| 000 | 01148naa a2200289 c 4500 | ||
|---|---|---|---|
| 001 | 30085 | ||
| 003 | ES-MaCES | ||
| 005 | 19981124154900.0 | ||
| 008 | 960712n1996 sp ||| | spa d | ||
| 035 | _aCES19980040329v | ||
| 040 |
_aES-MaCES _bspa _cES-MaCES |
||
| 100 | 1 |
_aMolina García, Mónica _918774 |
|
| 245 | 1 | 4 |
_aLas mutualidades de previsión social en la nueva Ley 30-1995, de 8 de noviembre, sobre ordenación y supervisión de los seguros privados _b: aspectos procesales _cMónica Molina García |
| 610 | 1 | 4 |
_aEspaña _tLey de ordenación y supervisión de los seguros privados _d1995 _93011 |
| 650 | 4 |
_acomentario _928971 |
|
| 650 | 4 |
_alegislación _927153 |
|
| 650 | 4 |
_aEspaña _926964 |
|
| 650 | 4 |
_arégimen jurídico _929894 |
|
| 650 | 4 |
_aprotección complementaria _930466 |
|
| 650 | 4 |
_afondo para gastos imprevistos _927035 |
|
| 650 | 4 |
_amutualidad _930256 |
|
| 653 | 1 | 0 | _aSeguridad Social |
| 773 | 0 |
_tRevista española de Derecho del trabajo _gMadrid. - N. 77 (mayo-jun. 1996) ; p. 491-511 _w(ES-MaCES)25060 |
|
| 902 | _aART Artículo de revista | ||
| 942 |
_2CES _cAR _h3.0. |
||
| 999 |
_c30085 _d30085 |
||